000 01012nam a22003137a 4500
003 CHAP
005 20220817042853.0
008 971013s1980 r 00010 d
010 _a58378
011 _a59350
035 _a63508
040 _cCHAP
082 _a634
_bS35
100 0 0 _aSamson, J. A.
_9101935
245 _aTropical fruits
260 _aLondon :
_bLongman,
_c1980
300 _a250 p.
_b: ilus. ; gráfs.
490 _aTropical agriculture series
590 _aBATCH-UPD
_b10
_c20130110
_lUCH01
_h1355
590 _aCONVERSION
_b10
_c20130109
_lUCH01
_h1331
650 1 4 _aArboles frutales.
830 0 _aTropical agriculture series
_9115305
901 _aBK
942 _cLIBRO
949 _a634 S35
_bBC
_cLIBRO
_d33724000202578
_eLIBRO
_fc.2
_h50574
_i63508
_si
949 _a634 S35
_bBC
_cLIBRO
_d33724000202586
_eLIBRO
_h49483
_i63508
_si
949 _a634 S35
_bBC
_cLIBRO
_d33724000202594
_eLIBRO
_fc.3
_h50575
_i63508
_si
949 _a634 S35
_bBC
_cLIBRO
_d33724000202693
_eLIBRO
_fc.5
_h52168
_i63508
_si
999 _c58378
_d58378